Phương pháp dạy học hóa học ở trường phổ thông
Sách gồm hai phần lí luận dạy học hoá học và phương pháp dạy học hoá học.
Zapisane w:
| 1. autor: | |
|---|---|
| Format: | Książka |
| Język: | Undetermined |
| Wydane: |
Hà Nội
Giáo dục
2006
|
| Hasła przedmiotowe: | |
| Etykiety: |
Dodaj etykietę
Nie ma etykietki, Dołącz pierwszą etykiete!
|
| Thư viện lưu trữ: | Trung tâm Học liệu Trường Đại học Cần Thơ |
|---|
| LEADER | 00874nam a2200241Ia 4500 | ||
|---|---|---|---|
| 001 | CTU_110758 | ||
| 008 | 210402s9999 xx 000 0 und d | ||
| 020 | |c 17500 | ||
| 082 | |a 540.7 | ||
| 082 | |b Tr561 | ||
| 100 | |a Nguyễn, Xuân Trường | ||
| 245 | 0 | |a Phương pháp dạy học hóa học ở trường phổ thông | |
| 245 | 0 | |c Nguyễn Xuân Trường | |
| 260 | |a Hà Nội | ||
| 260 | |b Giáo dục | ||
| 260 | |c 2006 | ||
| 520 | |a Sách gồm hai phần lí luận dạy học hoá học và phương pháp dạy học hoá học. | ||
| 526 | |a Phương pháp dạy học Hóa học | ||
| 526 | |b SG171 | ||
| 650 | |a Chemistry,Chemistry education | ||
| 650 | |x Study and teaching ( secondary ),Secondary school teachers | ||
| 904 | |i Hiếu | ||
| 980 | |a Trung tâm Học liệu Trường Đại học Cần Thơ | ||